000 00771nam a2200265 i 4500
001 bg
100 1 _aMÜLLER, Berndt
245 1 0 _aNeural networks :
_ban introduction.
250 _a2nd updat. and corr. ed.
260 _aBerlin [et al.] :
_bSpringer Verl.,
_c1995.
300 _aXV, 329 s. :
_brys., wykr. ;
_c24 cm +
_eDyskietka 3,5.
490 1 _aPhysics of Neural Networks
504 _aBibliogr. s. 307-323. - Indeks.
650 9 _aSieci neuronowe
700 1 _aREINHARDT, Joachim
700 1 _aSTRICKLAND, Michael Thomas
830 _aPhysics of Neural Networks
020 _a3540602070
040 _cBPK
041 0 _aen
080 _a681.3.05:007.5:519.7
920 _a3-540-60207-0
942 _cKS
008 s pl f |000 0 pol
999 _c30621
_d30621
856 _uhttp://koha.tu.koszalin.pl/cgi-bin/koha/opac-detail.pl?biblionumber=30621
_yKatalog online BPK